[Event "Gibraltar Masters 10th"]
[Site "Caleta"]
[Date "2012.02.02"]
[Round "10"]
[White "Berg, Emanuel"]
[Black "Vachier Lagrave, Maxime"]
[Result "1-0"]
[WhiteElo "2550"]
[BlackElo "2699"]
[Annotator "Berg,E"]
[PlyCount "57"]
[EventDate "2012.01.24"]
[EventType "swiss"]
[EventRounds "10"]
[EventCountry "GGB"]
[SourceTitle "CBM 147"]
[Source "ChessBase"]
[SourceDate "2012.03.16"]
[SourceVersion "1"]
[SourceVersionDate "2012.03.16"]
[SourceQuality "1"]

1. e4 c5 2. Nf3 d6 3. d4 cxd4 4. Nxd4 Nf6 5. Nc3 a6 6. Bg5 e6 7. f4 h6 8. Bh4
Qb6 {Playing the delayed Poisoned Pawn Variation seems to have become quite
popular lately. Although my opponent has several openings in his repertoire
this was the one I expected to come. I have faced this position twice before
as White without getting much out of the opening. In both those games I
continued with 9.a3 which I believe does not give White any advantage. In the
last round of Politiken Cup 2011 I had a sad loss against Marc Tyler Arnold
where I didn't get into the game before it was all over.} 9. Qd3 $1 {This move
has become rather popular within the regular Poisoned Pawn variation where I
have tried it myself with great success. Here 9.Qd2 is the more popular move,
but I'm sure we will see a lot more of 9.Qd3 in the future.} Qxb2 10. Rb1 Qa3
11. f5 {Now the question is what the important differences are compared with
the white bishop on g5 instead of h4 and the black h-pawn back on h7. I have
concluded that Black has weakened the square g6 as well as the diagonal h5-e8
which is a clear drawback for him. On the other hand the white bishop on h4
has lost control over the c1-h6 diagonal which might be an important fact in
some lines although I think that Black's concessions are worse.} (11. e5 {
is the main move according to my database, but it has not been tested on a
high level lately. However there are some high class games from the past
before the influence of computer engines.} {The game Mikenas,V-Tal,M Riga 1959
continued} Nd5 12. Nxd5 Qxd3 13. Bxd3 exd5 14. e6 Nc6 (14... fxe6 {is also
interesting} 15. Bg6+ (15. f5 $5 $146) 15... Kd7 16. f5 e5 17. Ne6 {1/2-1/2 
(34) Janosevic,D-SofrevskiJ Kragujevac 1959. With interesting play.}) 15. Nxc6
bxc6 16. exf7+ Kxf7 17. Rb6 $44 {1-0 (60) Mikenas,V-Tal,M Riga 1959. White has
at least full compensation for the sacrificed pawn and Black has a difficult
defensive task.}) 11... Be7 {This position has been reached seven times
according to my database. Before my game Black had an outstanding statistic of
4.5 points out of 5 games. However when having a short look at the position
during my preparation the same morning I didn't find that result to be a fair
reflection of the games.} 12. fxe6 ({It's essential not to start with} 12. Be2
$2 {due to} Nxe4 $1 $15 {0-1 (40) Vedmediuc,S (2422)-Wojtaszek,R (2711)
Aix-les-Bains 2011. With an advantage to Black.}) 12... fxe6 ({Black also has
the opportunity to give the pawn back in order to be able to develop his
pieces:} 12... Bxe6 13. Nxe6 fxe6 14. Be2 ({After} 14. Rxb7 Nbd7 {White has
won back the pawn, but lost his initiative and Black is soon ready for
counterplay. However it's worth noticing that ...Nc5 is not yet a threat due
to Rxe7+.}) (14. e5 $5 $146 {is a move worth investigating further. White
needs to act quickly before Black consolidates in order to keep the initiative.
However, it seems as if Black has enough defensive resources.} dxe5 15. Qg6+ (
15. Bxf6 Bxf6 16. Qg6+ {also deserves attention.}) 15... Kd8 $1 {This is the
move that puts most questions to White's position. It might look more natural
to go to f8, but the king is safer on this side. Now it seems difficult to
find a good continuation for White although the position looks pretty
interesting.} ({The natural move} 15... Kf8 {almost loses by force after} 16.
Rb3 Qc5 (16... Qc1+ 17. Nd1 Nc6 18. Be2 Nd4 19. Bxf6 Nxc2+ 20. Kf1 Bxf6 21. Bh5
Qf4+ 22. Rf3 Qc4+ 23. Rd3 Qc7 24. Rc3 $18) (16... Qa5 $4 17. Bc4 $18 {[%csl
Re6]}) 17. Bxf6 $1 Bxf6 18. Be2 h5 (18... Qe7 19. Bh5 Nc6 20. O-O Nd4 21. Rb6
$18) 19. Bxh5 Qe7 20. Rxb7 Nd7 21. O-O Rh6 22. Qg4 $16) 16. Rb3 (16. Qd3+ Kc7
$17) (16. Nd1 Bb4+ 17. Ke2 Rf8 $15) 16... Qc1+ 17. Nd1 Nbd7 (17... Nc6 18. Bd3
$13) 18. Bd3 Qf4 $15) 14... Nbd7 15. O-O {And here instead of 15...Nc5 (1/2-1/
2 (42) Huschenbeth,N (2521)-Van Kampen,R (2519) Haarlem 2011)} Rc8 $5 $15 {
looks like a better continuation}) 13. Be2 O-O (13... Nxe4 $2 14. O-O $1 {
gives White a crushing attack.}) 14. O-O Kh8 $146 {Black hides his king in the
corner so as not to allow any tactics connected with Nd5. The drawback is that
ideas like e5 followed by Qg6 become even more dangerous now.} (14... Nc6 {
is the only move that has been played before my game. This forces an endgame
after} 15. Nxc6 bxc6 16. Nd5 Qxd3 17. Nxe7+ Kf7 {and here I believe} 18. cxd3
$146 {to be stronger than} (18. Bxd3 {0-1 (54) Solodovnichenko,Y (2629)-David,
A (2597) Milan 2011}) {After} 18... Kxe7 19. e5 $1 dxe5 20. Bf3 {was what I
had a brief look at during my morning preparation. White has full compensation
for the sacrificed material and good practical chances although Black should
be able to hold with correct defence.}) ({After} 14... Nbd7 $5 {White can
force a middlegame without queens since he has the bishop pair and some
initiative in exchange for a pawn. He also has the option of winning back the
pawn, but then he will lose some coordination.} 15. Nd5 (15. Nxe6 Ne5 16. Qh3 {
levels the material, but the N on e6 stand in a serious pin.}) 15... Qxd3 16.
Nxe7+ Kf7 17. cxd3 Kxe7 18. Bf2 $44 {White's pair of bishops and active piece
play compensate for the sacrificed pawn.}) 15. Kh1 {White needs to prepare
before going for any action.} ({After} 15. e5 dxe5 16. Qg6 Qxc3 {Black is in
time to defend because of White's king's vulnerability along the g1-a7
diagonal.} 17. Bd3 Qxd4+ 18. Kh1 e4 $19) 15... Nbd7 $2 {Actually this move
almost loses the game by force.} (15... Nc6 $2 {also runs into trouble after}
16. Nxc6 bxc6 17. e5 $1 dxe5 18. Qg6 Bd7 (18... Qxc3 {loses after} 19. Rf3 Qd4
20. Rg3 Rg8 21. Bxf6 Bxf6 22. Bd3 $18) 19. Bxf6 Rxf6 20. Rxf6 Bxf6 21. Bd3 e4
22. Nxe4 (22. Qxe4 Kg8 23. Qh7+ Kf7 24. Qg6+ Ke7 25. Ne4 {is less clear}) 22...
Be8 23. Qg4 $14 {White has a very dangerous initiative which more than
compensates for the sacrificed pawn.}) ({The ugly-looking} 15... e5 {was
necessary and Black keeps his extra pawn and keeps his king out of any
immediate danger. Here I cannot see any immediate way forward for White.
However with some help from my silicon friend I found the astonishing move} 16.
Qd2 $1 {which certainly deserves attention. This is a serious way for White to
try to keep his forces as active as possible. It also makes perfect sense when
Black's queenside is totally out of the game. Now White is ready for either
Bxf6 followed by Nd5 or the immediate Nd5.} exd4 {The most critical
continuation, but this actually seems to give White a crushing attack after}
17. Nd5 {when Black faces serious problems. I'll give a few possible lines.}
Bd8 (17... Nxd5 {might lead to an endgame, but this rather increases White's
pressure since after} 18. exd5 Qe3 19. Qxe3 dxe3 20. Bxe7 Rxf1+ 21. Rxf1 {
Black is left with his undeveloped queenside and is now forced to play} Nd7 $14
{Things are not yet completely over, but it's clear that White has a solid
advantage and perhaps even a winning one going down the lines a bit further.})
18. Nxf6 Qe3 (18... Nc6 19. Nh5 $1 Rxf1+ 20. Rxf1 Bxh4 (20... Be6 21. Rf8+ Kh7
22. Qf4 Bxh4 {leads to 20...Bxh4 by transposition.}) 21. Rf8+ Kh7 22. Qf4 {
forces Black into the concession} Be6 23. Rxa8 Be7 {to avoid immediate defeat.
Now White keeps a clear advantage after} 24. Qf1 $16) 19. Qxe3 dxe3 20. Nd5 $14
{Still after the exchange of queens White's advantage continues with great
power.}) (15... Qa5 {is another possible defensive move to get the queen back
into the game, but White will receive an advantage by energetic play after} 16.
e5 $1 {This is a thematic move in almost every line of the Poisoned Pawn and
should usually be played at any cost to stop Black from getting a blockade on
e5. Black is now still undeveloped on the queenside which makes a sacrifice of
a second pawn possible.} dxe5 $4 ({After} 16... Qxe5 17. Bf3 {White will win
back at least one pawn with a continous strong initiative. The main threat is
not Bxb7 but Rbe1 or Rfe1 when the e6 pawn is lost.}) 17. Ne4 $1 {This is
another key move that is common for the Poisoned Pawn variation. Going for the
kill with this brutal sacrifice leads to a won position for White.} Nbd7 (17...
exd4 18. Nxf6 Bxf6 19. Qg6 $1 $18 {[%cal Ge2d3]}) 18. Nxe6 Rf7 19. Nxg7 $1 Kxg7
20. Nxf6 Nxf6 (20... Bxf6 21. Bh5 $18) 21. Qg3+ Kf8 22. Bc4 $18) 16. Nxe6 $1
Ne5 17. Nxf8 $1 {White sacrifices his queen for a rook and a knight, but most
important a devastating attack on the black Monarch.} ({There was no need to
consider} 17. Qh3) 17... Nxd3 18. Ng6+ Kh7 19. Bxd3 Kxg6 (19... Bd8 {On http://
www.huffingtonpost.com Lubomir Kavalek mentioned the line 19...Bd8 20.e5 dxe5
21.Nxe5+ Kg8 22.Bc4+ Kh7 23.Bd3+ when he wrote that "it's hard to see White
has more than a draw".) However, White has improvements on the way.
Surprisingly exactly this position was seen in the Bundesliga just three days
later. I certainly don't believe that this was a prepared novelty from Black,
but White seemed to know what he was doing.} {The game concluded} 20. Nd5 $1 ({
Also interesting is} 20. e5 dxe5 21. Ne4 $14 {with a strong initiative for
White.} (21. Nd5 Nxd5 22. Rf8 Qxf8 23. Nxf8+ Kg8 24. Bxd8 Kxf8)) 20... b5 21.
Nge7 Bxe7 22. Nxe7 Bb7 23. Bxf6 gxf6 24. Rxf6 Qxa2 25. Rbf1 Kg7 26. Rg6+ Kh8
27. e5 {1-0 (27) Bobras,P (2544)-Maksimenko,A (2553) Germany 2012}) 20. e5+ Kh5
{This move looks like a little bit too much, but actually it's already all
over and my opponent probably hoped to get some practical chances.} ({After} 
20... Kf7 21. exf6 gxf6 22. Nd5 $40 {White carry on attacking undisturbed.
Black is still unable to develop his queenside and remains in a completely
hopeless situation.}) 21. exf6 Bxf6 {During the game I had regarded this move
as completely hopeless for Black, but also after} (21... Qxc3 {White has a
straight win after} 22. fxe7 Bd7 23. Be1 $1 Qe5 (23... Qc7 24. Rf7 $18 {
[%csl Rh5]}) 24. Rxb7 $18 {and the black position will collapse.}) 22. Bxf6
gxf6 23. Rb3 ({White could also achieve a won position after} 23. Nd5 f5 24.
Nb6 Rb8 25. Nxc8 Rxc8 26. Rxf5+ Kg4 27. Rbf1 $18) 23... Qa5 24. Rxf6 {[%csl
Rh5] White keeps the Black king cut off. This move also activates threats like
Bg6+ and Ne4.} Bd7 {Finally Black tries to develop, but it's far too late by
now. Anyway there was nothing to be done.} 25. Ne4 ({White could also win by} 
25. Bg6+ $1 Kh4 (25... Kg4 26. h3+ Kh4 27. Ne4 Qe1+ 28. Kh2 Qxe4 29. Bxe4) (
25... Kg5 26. Ne4+ Kh4 (26... Kg4 27. Rg3+ Kh4 28. Rf4+ Bg4 29. Rh3#) 27. Rf4+)
26. g3+ Kg4 (26... Kh3 27. Rf4 Bc6+ 28. Be4 Qg5 (28... Bxe4+ 29. Rxe4 Qh5 30.
Ne2 $1 $18 {with mate to follow very soon.}) 29. Bxc6 bxc6 (29... Qxf4 30. Bd7+
Qg4 31. Rb4 (31. Ne4) 31... Rg8 32. Nd1) 30. Rbb4 $18 {[%cal Gf4h4]}) 27. Ne4
$1 Qe1+ 28. Kg2 Qe2+ 29. Rf2 $18 {and Black must give up his queen to avoid
mate.}) 25... Bg4 (25... Rg8 26. Be2+ Kh4 27. Rh3+ (27. Rxh6+ Qh5 28. Rxh5#)
27... Bxh3 28. g3+ Rxg3 29. hxg3#) (25... Qe1+ 26. Rf1 $19) 26. h3 Rg8 27.
hxg4+ Rxg4 28. Be2 $1 (28. Rf5+ {leads to a technical win after} Qxf5 29. Ng3+
Rxg3 30. Bxf5 $18) 28... Qe1+ 29. Kh2 {Black resigned in view of} (29. Kh2 Qxe2
30. Rh3+ Rh4 31. Rxh4+ Kxh4 32. Rf4+ Kh5 (32... Qg4 33. g3+ Kh5 34. Nf6+) 33.
Ng3+) 1-0

[Event "EU-Cup 23rd"]
[Site "Kemer"]
[Date "2007.10.03"]
[Round "1.1"]
[White "Atakisi, Umut"]
[Black "Berg, Emanuel"]
[Result "0-1"]
[WhiteElo "2399"]
[BlackElo "2593"]
[Annotator "Berg,E"]
[PlyCount "64"]
[EventDate "2007.10.03"]
[EventType "team-swiss"]
[EventRounds "7"]
[EventCountry "TUR"]
[SourceTitle "CBM 121"]
[Source "ChessBase"]
[SourceDate "2007.11.14"]
[SourceVersion "1"]
[SourceVersionDate "2007.11.14"]
[SourceQuality "1"]
[WhiteTeam "Besiktas Jimnastik"]
[BlackTeam "Sollentuna"]
[WhiteTeamCountry "TUR"]
[BlackTeamCountry "SWE"]

1. e4 c5 2. Nf3 d6 3. d4 cxd4 4. Nxd4 Nf6 5. Nc3 a6 6. Bg5 {This move has been
my favourite weapon as White for a few years now and I still play it a lot.
However, trying the position from the black side is also very interesting.} e6
7. f4 Qc7 {This is a very solid move for Black that usually leads to more
positional lines than Black's other options. It's also a good move if Black
likes to avoid any of all the forced drawing lines for White.} 8. Qf3 {This is
the most aggressive try for White. However, having analysed it very deeply
from the white side and not really found anything convincing I was happy to
sit on the black side. I personally believe that it is better to play} (8. Bxf6
gxf6 9. Qd2 {with a more positional battle.}) 8... b5 9. f5 $6 {This is an old
line where White sacrifices a piece in exchange for a few pawns and some
activity. It looks rather scary for Black, but he does have good defensive
resources. This line might be worth trying for White, but only as a surprise.
In my opinion Black has the better chances if he defends correctly.} b4 $1 {
A very nice zwischenzug that practically forces White to sacrifice a piece.}
10. Ncb5 {White gives away his knight on b5 in order to develop his Bishop
from f1 with tempo.} (10. fxe6 $2 {doesn't work as Black can simply igonre
this and capture the piece.} bxc3 $1 11. Bxf6 cxb2 $1 12. Rb1 gxf6 13. Qxf6
Qc3+ $1 {A very nice move, pinning the knight on d4 in order to recapture with
...Bxe6. White is totally hopeless, eg} 14. Kf2 Bxe6 15. Qxh8 Nc6 {etc winning
another piece for the Rook.}) 10... axb5 11. Bxb5+ (11. fxe6 $5 {is an
interesting alternative. Now Black must act very precisely so as not to get
into trouble.} Be7 $1 12. Bxb5+ ({After} 12. Nf5 {Black should simply castle.}
O-O 13. e5 Bb7 14. Qg3 dxe5 {and after} 15. Bxf6 Bxf6 16. e7 {Black can either
agree on a draw by playing 16...Re8 17.Nh6+ etc or go for more with} Na6 {
which gives Black very good compensation for the exchange.}) 12... Kf8 13. exf7
Ra5 $1 {A good defensive move with counterplay along the fifth rank. Now White
must start to be careful and Black can easily consolidate his position.}) 11...
Bd7 12. fxe6 Bxb5 13. Nxb5 Qc5 14. Bxf6 fxe6 $1 {An important zwischenzug that
kills off any hope of an attack for White.} 15. Nd4 (15. Rf1 {is simply not
enough for White. After} Qxb5 16. Bxg7 Bxg7 17. Qf7+ Kd8 18. Qxg7 Re8 {Black
has an extra knight giving him a clear advantage.}) 15... gxf6 16. Nxe6 Qc4 $1
{A move with many purposes. From here the queen threatens the knight on e6,
the pawn on e4 and also prevents White from castling short.} 17. Qxf6 Nd7 {
This far we are following the game Smith-Hillarp, Swe-ch 2007. According to
the book, Black is already slightly better.} 18. Qxh8 ({Smith-Hillarp continued
} 18. Nc7+ Qxc7 19. Qxh8 Qc5 $1 20. Qxh7 {after which Hillarp came up with the
creative and strong} b3 $1 {A very nice blow that opens up the position even
more in front of the White king. After this Black can play on for a win
without any risk as he will always have perpetual checks whenever needed. The
game concluded} 21. cxb3 Qe3+ 22. Kf1 Qf4+ 23. Ke2 $2 (23. Ke1 $1 {is more
stubborn.}) 23... Rc8 24. Rad1 $4 {This loses on the spot, but here White was
already under a lot of pressure.} Qg4+ 25. Ke3 Qg5+ 26. Ke2 Qxg2+ 27. Ke3 Qg5+
28. Ke2 Ne5 29. Qh3 Rc2+ 30. Ke1 Qf4 {0-1 Smith,A-Hillarp-Persson,T/Stockholm
2007}) 18... Qxe4+ 19. Kd1 (19. Kf2 {is no better after} Qf5+ ({Worse is} 19...
Qxe6 20. Rhe1 Ne5 21. Qxh7 {when White can hide his King on g1 and it's not
all that clear.}) 20. Kg3 Qxe6 21. Rhe1 Ne5 22. Qxh7 {Now Black can force the
game by playing} Qg4+ 23. Kf2 Qd4+ $1 {followed by ...Ra7-f7 with a huge
advantage.}) 19... Qg4+ 20. Kc1 Qxe6 21. Qxh7 {Here I used up a lot of my
remaining time in order to find something convincing for Black. During the
game I assessed the position as clearly better for me and even thought I could
force a win somehow. However it's not all that clear and White still has
reasonable chances to defend, although it's a very difficult task.} Nc5 $5 {
This move I played after a long time of consideration. During the game I was
not totally happy about it as White now is able to force a queen exchange.} (
21... Ne5 {is well met by} 22. Qe4 {centralizing the White Queen.}) ({My
original plan was to play} 21... b3 {but here White can simply capture} 22.
cxb3 {as there is no forced win for Black. The queen on h7 protects important
squares along the diagonal. Black can continue with} Nc5 23. Kb1 {but now after
} Ne4 {there is} 24. Re1 $1 d5 25. a3 {And the white king escapes.}) 22. Qh5+
$2 {This is a mistake as it only helps Black to activate his king which might
be useful in an upcoming endgame after an exchange of queens.} ({I was more
worried about} 22. Qh3 {with the idea} Bh6+ ({After} 22... Qe5 23. Qg3 {
there is no easy way to an advantage for Black.}) 23. Kb1 Qxh3 24. gxh3 Ne4 25.
Re1 $1 {An important detail, giving White an extra tempo when trying to
develop the rook from a1.} d5 26. a4 ({After} 26. a3 {Black simply goes} Kd7 {
and White is still under a lot of pressure.}) 26... Kd7 27. Ra2 Nd2+ 28. Ka1 b3
$1 29. cxb3 d4 30. Ra3 (30. b4 {loses to} Nb3+ 31. Kb1 d3 32. Ra3 d2 33. Rd1
Rc8 {and Black will soon have two extra pieces and a won endgame. The passed
pawns on the queenside might give some chances, of survival, but it's
definitely not enough for a draw.}) 30... Bf8 $1 31. b4 (31. Ra2 d3 {etc.})
31... Bxb4 {wining an exchange and then the d-pawn will decide the game.}) ({
In the post mortem my opponent suggested} 22. Rf1 {but this loses instantly
for White after} Bh6+ 23. Kb1 Ne4 24. Qh8+ Kd7 25. Qxa8 Nd2+ 26. Kc1 Nxf1+ 27.
Kd1 Ne3+ 28. Kc1 Nc4+ 29. Kd1 Nxb2#) 22... Kd7 23. Rf1 $2 {Now Black gets the
opportunity for a winning combination.} ({Now it was necessary to go for an
endgame with} 23. Qh3 Bh6+ 24. Kb1 ({or} 24. Kd1 Qxh3 25. gxh3 Rg8 {
threatening ...Rg2} 26. Ke2 Rg2+ 27. Kf3 Rxc2 {with a clear advantage to Black
and very good winning chances.}) 24... Qxh3 25. gxh3 Ne4 26. a3 Nd2+ 27. Ka2
bxa3 28. bxa3 (28. b3 $2 Ne4 $17) (28. b4 Rc8 $17) 28... Bg7 $1 29. Rad1 ({
In case of} 29. Rag1 Be5 $1 {Black threatens both ...Nc4 and ...Rb8-b2 which
White cannot prevent.}) 29... Bc3 {followed by ...Rb8-b2 winning for Black.})
23... Nb3+ $1 {A very nice blow, forcing White to give up his queen and
deciding the game.} 24. cxb3 Qe3+ $1 25. Kd1 Qd3+ 26. Ke1 Re8+ 27. Qxe8+ (27.
Kf2 Qe3#) 27... Kxe8 {During the game I first was not totally convinced
whether the position was won for Black as White has no less than three extra
pawns. However the pawn on d6 will soon become very strong and tie down the
White pieces.} 28. Rf3 ({After} 28. Rf2 {Black might continue} Bg7 29. Rd1 Qa6)
28... Qh7 $1 29. Kf1 {A little trap, but now Black's task is rather simple.
Maybe 29.h3 would have put up more resistance.} ({Kanske var} 29. h3 {ett
bättre försök, men även här står svart klart bäst efter} Bg7 30. Rf2 Be5) 29...
Bg7 ({Of course not} 29... Qxh2 30. Re1+ Be7 31. Rfe3 {and Black is lost after}
Qh1+ 32. Kf2 Qh4+ 33. g3 $1 (33. Kg1 Qd4) 33... Qh2+ 34. Kf1 Qh1+ 35. Ke2 Qh7
36. Kd2 Qh6 37. Kc2 Qg6+ 38. Kc1) 30. Re1+ Kd7 $1 {Activates the King and
threatens both ...Qxh2 and ...Bxb2.} 31. a3 {White tries to exchange off the
Black b-pawn, but he's justa bit too slow.} Qxh2 $1 32. Rf7+ Kc6 {A bit
surprising that my opponent resigned this early. However, the outcome of the
game is very clear.} ({After} 32... Kc6 33. Rxg7 {White loses the rook to} Qf4+
{followed by a queen check on e5 or d4.}) 0-1